000 00541nam a22001697a 4500
999 _c185189
_d185189
005 20220131122107.0
010 _aENG-131333
020 _a9789352666652
_c170.00
035 _aEN-114865
037 _bDBAD
082 _a000
245 _aObjective General Knowledge/
_bFor All Competitive Examinations:
260 _aNew Delhi
_bPrabhat Exam
_c2018
270 _bNew Delhi
_a4/19, Asaf Ali Road
_e110002
_k23289555, 23289666, 23289777
_mprabhatbooks@gmail.com
300 _a338p.
_c22cm(pbk)
942 _2ddc
_cEN
_h000
_mOBJ